00824 a2200133 4500020001800000082001700018245032500035260006300360300003400423650003900457999001500496952009700511952008200608 a9780784409374 a624.0285 ASC aComputing in civil engineering :bproceedings of the 2007 ASCE International Workshop on Computing in Civil Engineering, July 24-27, 2007 Pittsburgh, Pennsylvania /csponsored by Technical Council on Computing & Information Technology of the American Society of Civil Engineers ; edited by Lucio Soibelman, Burcu Akinci. aReston, Va. :bAmerican Society of Civil Engineers,c2007. axii, 887 p. :bill. ;c22 cm. aCivil engineeringxData processing c1025d1025 00104070aNITbNITcCEd0000-00-00l0o624.0285 ASCpNIT-6146 r2017-01-05w2017-01-05yBK 00104070aNITbNITcCEd0000-00-00l0pNIT-6591r2017-01-05w2017-01-05yBK